| 000 | 00730nam a2200253Ia 4500 | ||
|---|---|---|---|
| 003 | OSt | ||
| 005 | 20220918164720.0 | ||
| 006 | a|||||r|||| 00| 0 | ||
| 007 | ta | ||
| 008 | 220917b |||||||| |||| 00| 0 eng d | ||
| 020 | _a0714648574 (hbk) | ||
| 024 | _a190,732 | ||
| 037 | _cTextual | ||
| 040 |
_aARTS _cARTS _beng |
||
| 041 |
_2eng _aeng |
||
| 082 | _aV491:1958.N89<-N79, N8 | ||
| 100 |
_aGrau Lester W. Ed. _920233 |
||
| 245 | 0 |
_aBear went over the mountain _b Soviet combat tactics in Afghanistan |
|
| 260 |
_aLondon _bFrank Cass _c1998 |
||
| 300 |
_axxiii,220p. _ccm. |
||
| 650 | _aHISTORY | ||
| 942 |
_hV491:1958.N89<-N79, N8 _cTEXL _2CC |
||
| 999 |
_c126116 _d126116 |
||